Design and development of a torsion-compression bioreactor for tissue engineering application /
Saved in:
| Main Author: | |
|---|---|
| Format: | Thesis Book |
| Language: | English |
| Published: |
2016.
|
| Subjects: | |
| Tags: |
Add Tag
No Tags, Be the first to tag this record!
|
| LEADER | 01478cam a2200349 i 4500 | ||
|---|---|---|---|
| 001 | u1037575 | ||
| 003 | SIRSI | ||
| 005 | 201506181532 | ||
| 008 | 160804s2016 my a m 000 0 eng | ||
| 040 | |a UMM |d UMJ |e rda | ||
| 090 | |a R856.4 |b UM 2016 Gay | ||
| 097 | |a R856.4 |b UM 2016 Gay | ||
| 100 | 0 | |a Gayathry N. Vadival, |e author. | |
| 245 | 1 | 0 | |a Design and development of a torsion-compression bioreactor for tissue engineering application / |c Gayathry a/p N.Vadival. |
| 264 | 1 | |c 2016. | |
| 264 | 4 | |c 2016. | |
| 300 | |a xi, 50 leaves, 14 unnumbered leaves : |b colour illustrations ; |c 30 cm. | ||
| 336 | |a text |2 rdacontent | ||
| 337 | |a unmediated |2 rdamedia | ||
| 338 | |a volume |2 rdacarrier | ||
| 502 | |b M.Eng. |c Jabatan Kejuruteraan Bioperubatan, Fakulti Kejuruteraan, Universiti Malaya |d 2016. | ||
| 504 | |a Bibliography: leaves 45-50. | ||
| 530 | |a Also issued in CD. | ||
| 650 | 0 | |a Tissue engineering. | |
| 650 | 0 | |a Bioreactors. | |
| 650 | 0 | |a Torsion. | |
| 710 | 2 | |a Universiti Malaya. |b Jabatan Kejuruteraan Bioperubatan, |e degree granting institution. | |
| 900 | |a NNANS NSM AMA | ||
| 596 | |a 1 7 | ||
| 999 | |a R856.4 UM 2016 GAY |w LC |c 1 |i A516719694 |d 31/3/2017 |f 31/3/2017 |g 1 |l STACKS |m P07JURUTER |r N |s Y |t TESIS |u 31/3/2017 |1 STEM | ||
| 999 | |a R856.4 UM 2016 GAY |w LC |c 2 |i A516719685 |d 31/3/2017 |f 31/3/2017 |g 1 |l COUNTER |m P07JURUTER |r N |s Y |t CD |u 31/3/2017 |1 STEM | ||
| 999 | |a R856.4 UM 2016 GAY |w LC |c 1 |i A516595080 |d 9/12/2016 |f 9/12/2016 |g 1 |l STACKS |m P01UTAMA |r Y |s Y |t TESIS |u 30/11/2016 |1 STEM | ||
